| 000 | 00489nam a2200157 i 4500 | ||
|---|---|---|---|
| 001 | 58481 | ||
| 003 | ES-MaACL | ||
| 005 | 20230906163822.0 | ||
| 007 | t| | ||
| 008 | 031022m19131917fr ||||1| fre d | ||
| 100 | 1 |
_aDuhem, Pierre. _945944 |
|
| 245 | 1 | 3 |
_aLe système du monde _b: histoire des doctrines cosmologiques de Platon a Copernic / _cPierre Duhem. |
| 260 |
_aParís : _bLibrairie Scientifique A. Hermann, _c1913-1917. |
||
| 300 |
_a5 v. ; _c26 cm. |
||
| 852 |
_aES-MaACL _jF-4359-63 |
||
| 999 |
_c58481 _d58481 |
||